Epic Mickey 2 Characters - Statistiques

Statistiques générales
  • Ce quiz a été pris 30 fois
    24 depuis la dernière actualisation
  • Le résultat moyen est 10 sur 59
Statistiques - réponses
Hint Réponse % Correct
1 Mickey
100%
48 Robot Donald
86%
2 Oswald
64%
49 Robot Daisy
59%
47 Robot Dingo
59%
5 Gus
45%
3 Ortensia
45%
15 Clarabelle
41%
14 Horace
41%
7 Jamface
32%
31 Le Savant fou
32%
38 Pat Hibulaire
32%
40 Pat Pan
32%
39 Petit Pat
32%
6 Prescott
32%
33 Crochet
27%
41 Electro Pat
27%
51 Monsieur Mouche
27%
4 Yen Sid
23%
42 Ian
14%
34 Le Fantôme noir
14%
8 Markus
14%
36 Naf Naf
14%
37 Nif Nif
14%
35 Nouf Nouf
14%
11 Sparks
14%
25 Tiki Sam
14%
50 A.B.E
9%
28 Becca
9%
23 Casey
9%
9 Copernic
9%
10 Flynn
9%
16 Gilda
9%
57 Moody
9%
24 Paulie
9%
52 Billy Belluga
5%
26 Conducteur de train
5%
54 Starkey
5%
12 Stuffus
5%
29 Adelle
0%
55 Barnacle Jones
0%
18 Bertrand
0%
53 Damien Loudmer
0%
44 Gilbert
0%
21 Jack Kelly
0%
13 Kip
0%
30 Laralee
0%
32 Le Beffroi
0%
27 Le Chapelier
0%
59 Le Téléphone
0%
19 Louis
0%
22 L'ouvreur
0%
17 Métairie
0%
46 Phineas
0%
58 Reager Green
0%
45 Rolly
0%
20 Seth
0%
43 Tedworth
0%
56 Tom Scorbut
0%
Aucun quiz correspondant
Distribution des résultats
% des personnes avec chaque résultat
Percentile par nombre de réponses
Votre historique - résultats
Vous n’avez pas pris ce quiz depuis la dernière actualisation